01032nam a2200193 a 4500008004100000020001500041050001500056100001800071245005700089260002900146350000900175650002800184650004100212995015000253995015000403999001700553952013400570952013400704120416s1986 ||||||||||||||||| || u a0198536097 aQA 571 Mat aGregory, J. A14aThe mathematics of surfacescedited by J. A. Gregory aOxford:bClarendonc1986 a0.00 aMATHEMATICS OF SURFACES 0aMATHEMATICS--HANDBOOKS, MANUALS, ETC aMAIN LIBRARY OPEN ACCESSD0.00e728002FCBU-MAIN LIBRARY (Kitwe)H2I50.00jQA 571 MatM1UAVAILABLEy026079ZMain Library Open Access Collection aMAIN LIBRARY OPEN ACCESSD0.00e728001FCBU-MAIN LIBRARY (Kitwe)H1I50.00jQA 571 MatM2UAVAILABLEy026150ZMain Library Open Access Collection c82764d82764 00102lcc4070a001b001cMain Library Open Access Collectiond2023-09-29l0oQA 571 Matp026079r2023-09-29t1w2023-09-29y002 00102lcc4070a001b001cMain Library Open Access Collectiond2023-09-29l0oQA 571 Matp026150r2023-09-29t2w2023-09-29y002